| 000 | 01053cam a2200313 a 4500 | ||
|---|---|---|---|
| 003 | CHAP | ||
| 005 | 20220329142148.0 | ||
| 008 | 000121 1992 us r 00010 eng d | ||
| 010 | _a79388 | ||
| 011 | _a80360 | ||
| 035 | _a90810 | ||
| 040 | _cCHAP | ||
| 090 | _aR-3661 | ||
| 100 | 0 | 0 |
_aBautista, Romeo M. _910971 |
| 245 | 0 |
_aDomestic stabilisation of export crop princes : _bPhilippine copra and Malaysian rubber _c/by Romeo M. Bautista and Clemen M. González |
|
| 500 | _aSobretiro de: The World Economy vol. 15 No. 6 November 1992. | ||
| 590 |
_aBATCH-UPD _b10 _c20130110 _lUCH01 _h0108 |
||
| 590 |
_aBATCH-UPD _b10 _c20130110 _lUCH01 _h0627 |
||
| 590 |
_aBATCH-UPD _b10 _c20130410 _lUCH01 _h0455 |
||
| 590 |
_aBATCH-UPD _b10 _c20130914 _lUCH01 _h2119 |
||
| 590 |
_aCONVERSION _b10 _c20130109 _lUCH01 _h1344 |
||
| 650 | 1 | 4 |
_aCaucho _xPrecios. _920560 |
| 650 | 1 | 4 |
_aCopra _xPrecios. _927906 |
| 700 | 0 |
_aGonzález, Clemen M. _949517 |
|
| 901 | _aBK | ||
| 905 | _aBlanca M. García O. | ||
| 942 | _cREIMP | ||
| 949 |
_aR-3661 _bBC _cR _d908101 _eTS1 _i90810 _sb |
||
| 999 |
_c79388 _d79388 |
||